00485 2200193 4500001002100000005001500021035002000036007000300056008004100059020001800100082001000118084001600128100003000144245003800174260004400212856001700256990000900273990000900282INLIS00000000000102520220920101913 a0010-0922000306ta220920 g 0 ind  a9786028225069 a523.9 a523.9 TIM s0 aTim Bina Sumber Daya Mipa1 aSerial misteri sainsku :bsatelit aJakarta :bBina Sumber Daya Mipa,c2009 aKoleksi Umum a1585 a1586